Statistics for Countries Containing Z (no continent prompts)

Click here to take the quiz!

General Stats

  • This quiz has been taken 269 times
  • The average score is 13 of 16

Answer Stats

Country% Correct
Zambia
97%
Zimbabwe
97%
Azerbaijan
90%
Uzbekistan
87%
Mozambique
85%
Kazakhstan
83%
Switzerland
81%
Tanzania
80%
Belize
79%
Venezuela
79%
New Zealand
78%
Kyrgyzstan
77%
Swaziland
77%
Brazil
76%
Czech Republic
73%
Bosnia and Herzegovina
64%

Score Distribution

Percentile by Number Answered

Percent of People with Each Score

Your Score History

You have not taken this quiz